La arquitectura y el medio-ambiente: desde una contemplación académica, con formulaciones concretas (Record no. 73408)

MARC details
000 -LEADER
campo de control de longitud fija 00717nam a2200193 i 4500
001 - NÚMERO DE CONTROL
campo de control 73408
003 - IDENTIFICADOR DE NÚMERO DE CONTROL
campo de control ES-MaACL
005 - FECHA Y HORA DE LA ÚLTIMA TRANSACCIÓN
campo de control 20230906171809.0
007 - CAMPO FIJO DE DESCRIPCIÓN FÍSICA--INFORMACIÓN GENERAL
campo de control de longitud fija t|
008 - DATOS DE LONGITUD FIJA--INFORMACIÓN GENERAL
campo de control de longitud fija 041008s1998 sp ||||1| spa d
080 ## - NÚMERO DE LA CLASIFICACIÓN DECIMAL UNIVERSAL
Número de la Clasificación Decimal Universal 72.067
100 1# - ENTRADA PRINCIPAL--NOMBRE DE PERSONA
Nombre de persona Lamela, Antonio.
9 (RLIN) 69836
245 13 - MENCIÓN DEL TÍTULO
Título La arquitectura y el medio-ambiente: desde una contemplación académica, con formulaciones concretas
Resto del título : discurso de ingreso del académico electo... /
Mención de responsabilidad, etc. Antonio Lamela Martínez.
260 ## - PUBLICACIÓN, DISTRIBUCIÓN, ETC.
Lugar de publicación, distribución, etc. [Madrid :
Nombre del editor, distribuidor, etc. Real Academia de Doctores de Madrid],
Fecha de publicación, distribución, etc. 1998.
300 ## - DESCRIPCIÓN FÍSICA
Extensión 67 p. :
Otras características físicas il. ;
Dimensiones 22 cm.
650 ## - PUNTO DE ACCESO ADICIONAL DE MATERIA--TÉRMINO DE MATERIA
Término de materia o nombre geográfico como elemento de entrada Arquitectura y sociedad.
9 (RLIN) 173949
710 2# - ENTRADA AGREGADA--NOMBRE DE ENTIDAD CORPORATIVA
Nombre de entidad corporativa o nombre de jurisdicción como elemento de entrada Real Academia de Doctores (Madrid)
9 (RLIN) 6304
852 ## - LOCALIZACIÓN
Ubicación ES-MaACL
Número de control de estantería L-28194
Sublocalización o colección R.133927
Holdings
Estatus retirado Estado de pérdida Estado de daño No para préstamo Biblioteca de origen Biblioteca actual Ubicación en estantería Fecha de adquisición Fuente de adquisición Total de préstamos Signatura topográfica completa Código de barras Visto por última vez Precio de reemplazo Tipo de ítem Koha
        Biblioteca del Ateneo de Madrid Biblioteca del Ateneo de Madrid Depósito 2 17/01/2008     L-28194 1076839 23/02/2023 23/02/2023 Libro impreso